| 000 | 00572cab a2200181 4500 | ||
|---|---|---|---|
| 001 | ##L133139 | ||
| 008 | 060418n2006 000 0 eng u | ||
| 035 | _a(Sirsi) u133139 | ||
| 041 | 0 | _aeng | |
| 100 | 1 | _aDover, Molly | |
| 245 | 0 | 0 | _aDTZ makes itself at home at top of share league |
| 260 | _c2006 | ||
| 490 | 0 |
_aProperty Week _v71(15) 14 April 2006, 16(1) |
|
| 520 | _aPresents a league table of the top 46 quoted property companies by share performance for the first quarter of 2006. | ||
| 590 | _aIKA250406 | ||
| 690 | _aPROPERTY-PROPERTY MARKET | ||
| 942 | _n0 | ||
| 999 |
_c76817 _d76817 |
||